Barcelona, golf destination : Barcelona is much more Barcelona is much more
Descripción Física:
1 díptic : i·lustracions ; 24 x 17 cm
Idioma:
English
MARC
| LEADER | 00000nam a22000007a 4500 | ||
|---|---|---|---|
| 001 | 25497 | ||
| 003 | Arxiu | ||
| 005 | 20260324181108.0 | ||
| 008 | 220516b spa||||| |||| 00| 0 eng d | ||
| 016 | |a DL B 17590-2017 | ||
| 080 | |a FU-69-10 | ||
| 245 | |a Barcelona, golf destination : |b Barcelona is much more | ||
| 260 | |a Barcelona : |b Diputació de Barcelona, |b Barcelona is much more |c 2017 | ||
| 300 | |a 1 díptic : |b i·lustracions ; |c 24 x 17 cm | ||
| 650 | 0 | |a Camps de golf |z Barcelona (Catalunya : Província) |v Directoris | |
| 655 | 0 | |a Fulletons |9 55858 | |
| 710 | 2 | |9 51685 |a Barcelona is Much more |e Marca turística | |
| 710 | 1 | |a Barcelona (Catalunya : Província). |b Diputació |9 52408 | |
| 856 | 4 | 0 | |u https://llibreria.diba.cat/cat/llibre/barcelona-golf-destination_58769 |y Accés lliure (Llibreria de la Diputació de Barcelona) |
| 901 | |a Arxiu | ||
| 942 | |n 1 |2 udc |c ARXIU | ||
| 952 | |0 0 |1 0 |4 0 |6 FU6910 |7 1 |9 61678 |a Arxiu |b Arxiu |d 2022-05-16 |l 0 |o FU-69-10 |p 25497 |r 2022-05-16 00:00:00 |w 2022-05-16 |y ARXIU | ||
| 999 | |c 81571 |d 81571 | ||